000 01254cam a22003615a 4500
999 _c25626
_d25598
001 12731301
003 EG-ScBUE
005 20200205130443.0
008 020405t2003 nyua f bf 001 0 eng d
020 _a9780321202468
020 _a0321202465
040 _aDLC
_beng
_erda
_cDLC
_dDLC
_dEG-ScBUE
082 0 4 _a808.042
_bROS
_222
100 1 _aRosen, Leonard J,
_eauthor.
245 1 4 _aThe Allyn & Bacon handbook /
_cLeonard J. Rosen, Laurence Behrens, University of California, Santa Barbara.
246 3 _aAllyn and Bacon handbook
250 _aFifth edition.
264 1 _aNew York :
_bLongman,
_c[2003]
264 4 _cc2003
300 _axxvii, 914 pages :
_billustrations ;
_c22 cm
336 _2rdacontent
_atext
_btxt
337 _2rdamedia
_aunmediated
_bn
338 _2rdacarrier
_avolume
_bnc
504 _aIncludes bibliographical references and index.
650 7 _aEnglish language
_xRhetoric
_vHandbooks, manuals, etc.
_2BUEsh
_97500
650 7 _aEnglish language
_xGrammar
_vHandbooks, manuals, etc.
_2BUEsh
_97501
650 7 _aReport writing
_vHandbooks, manuals, etc.
_2BUEsh
_97502
651 _2BUEsh
653 _bHHUUEENN
_cNovember2017
655 _vReading book
700 1 _aBehrens, Laurence,
_eauthor.
942 _2ddc
_cBB